| 000 | 01177nam a22003137a 4500 | ||
|---|---|---|---|
| 003 | CHAP | ||
| 005 | 20220329143817.0 | ||
| 008 | 110922s2011 fr a r 00010 spa d | ||
| 010 | _a102178 | ||
| 011 | _a103150 | ||
| 020 | _a9789264090163 | ||
| 035 | _a113839 | ||
| 040 | _cCHAP | ||
| 082 | 0 | 4 |
_a379.154 _bM48 |
| 245 | 0 | 3 |
_aLa medición del aprendizaje de los alumnos : _bmejores prácticas para evaluar el valor agregado de las escuelas _c/por Organización para la Cooperación y el Desarrollo Economico |
| 260 |
_aParis, Fra. : _bOCDE, _c2011 |
||
| 300 |
_a196 p. : _bilus., cuadros, gráfs. |
||
| 590 |
_aBATCH-UPD _b10 _c20130110 _lUCH01 _h1157 |
||
| 590 |
_aBATCH-UPD _b10 _c20130410 _lUCH01 _h0740 |
||
| 590 |
_aBATCH-UPD _b10 _c20130914 _lUCH01 _h1318 |
||
| 590 |
_aCONVERSION _b10 _c20130109 _lUCH01 _h1356 |
||
| 650 | 0 | 4 |
_aAprendizaje _xEvaluacion. _96371 |
| 650 | 1 | 4 |
_aEscuelas _xAdministración y organización. _937620 |
| 650 | 1 | 4 |
_aValor agregado. _9117668 |
| 710 | 0 |
_aOrganización para la Cooperación y el Desarrollo Económicos. París. _983559 |
|
| 901 | _aBK | ||
| 942 | _cLIBRO | ||
| 949 |
_a379.154 M48 _bBC _cLIBRO _d33724002310769 _eLIBRO _h115853 _i113839 _sb |
||
| 999 |
_c102178 _d102178 |
||